[Event "Ct. Catalunya eq DH"]
[Site "?"]
[Date "2012.??.??"]
[Round "1.4"]
[White "Gual Pascual, A."]
[Black "Khaidorov, V."]
[Result "1-0"]
[WhiteElo "2504"]
[BlackElo "2350"]
[PlyCount "71"]
[EventDate "2012.??.??"]
[EventType "team"]
[EventRounds "11"]

1. d4 d6 2. e4 g6 3. c4 Bg7 4. Nc3 Nc6 5. d5 Ne5 6. f4 Nd7 7. Bd3 Ngf6 8. Nf3
O-O 9. O-O e6 10. dxe6 fxe6 11. Bc2 a6 12. Ng5 Qe7 13. a4 b6 14. Qf3 Bb7 15.
Qh3 Rae8 16. Be3 h6 17. Nf3 e5 18. Nh4 Qf7 19. f5 g5 20. Ng6 Qxc4 21. Nxf8 Bxf8
22. Qf3 Nc5 23. Bxc5 Qxc5+ 24. Kh1 c6 25. Rad1 d5 26. exd5 cxd5 27. Bb3 Rd8 28.
Qe2 Bd6 29. Ne4 Nxe4 30. Qxe4 Bb8 31. f6 Kh8 32. Qg6 Qf8 33. Bc2 Rd7 34. f7 e4
35. Bxe4 dxe4 36. Rxd7 1-0

[Event "Ct. Catalunya eq DH"]
[Site "?"]
[Date "2012.01.28"]
[Round "1.4"]
[White "Pogorelov, R."]
[Black "Simon Padros, E."]
[Result "1-0"]
[WhiteElo "2460"]
[BlackElo "2310"]
[PlyCount "87"]
[EventDate "2012.??.??"]
[EventType "team"]
[EventRounds "11"]

1. Nf3 e6 2. c4 f5 3. g3 Nf6 4. Bg2 c6 5. O-O d5 6. d4 Bd6 7. b3 Qe7 8. Bb2 O-O
9. Qc1 b6 10. Ba3 Bb7 11. Bxd6 Qxd6 12. Qa3 Qxa3 13. Nxa3 Nbd7 14. Rac1 Rfe8
15. Rc2 Ne4 16. Ne1 Rac8 17. Nd3 a5 18. f3 Nef6 19. Rfc1 g5 20. c5 b5 21. Nxb5
cxb5 22. c6 Rb8 23. cxb7 Rxb7 24. Ne5 Nxe5 25. dxe5 Nd7 26. f4 gxf4 27. gxf4
Nf8 28. Rc8 Rxc8 29. Rxc8 a4 30. b4 Kf7 31. e3 Nd7 32. Bf3 Rb8 33. Rc7 Ke7 34.
Be2 Kd8 35. Ra7 Rb6 36. Kf2 h6 37. Ra5 Rc6 38. Ra8+ Kc7 39. Ra7+ Kd8 40. Rxd7+
Kxd7 41. Bxb5 Kc7 42. Bxc6 Kxc6 43. a3 Kb5 44. Kg3 1-0

[Event "Ct. Catalunya eq DH"]
[Site "?"]
[Date "2012.01.28"]
[Round "1.5"]
[White "Alonso Moyano, J."]
[Black "Lillo Castany, V."]
[Result "1-0"]
[WhiteElo "2456"]
[BlackElo "2349"]
[PlyCount "99"]
[EventDate "2012.??.??"]
[EventType "team"]
[EventRounds "11"]

1. e4 e5 2. Nf3 Nc6 3. d4 exd4 4. Nxd4 Bb4+ 5. c3 Bc5 6. Nxc6 bxc6 7. Bd3 Qh4
8. Qf3 Ne7 9. Bf4 d6 10. Nd2 O-O 11. b4 Bb6 12. a4 a5 13. Nc4 Qf6 14. O-O Ng6
15. Bxd6 Qxf3 16. gxf3 Rd8 17. e5 Nxe5 18. Bxe5 Rxd3 19. bxa5 Bxa5 20. Rfd1 Bf5
21. Rxd3 Bxd3 22. Nxa5 Rxa5 23. Bxc7 Rg5+ 24. Bg3 h5 25. h4 Ra5 26. Bc7 Rc5 27.
Ra3 Ba6 28. f4 Rc4 29. a5 f6 30. Kg2 Kf7 31. Kg3 Ke6 32. Bb6 Kf5 33. Be3 Ke4
34. Rb3 Bb5 35. Rb4 Kd3 36. Rxc4 Kxc4 37. f5 Kxc3 38. Bc5 Kc4 39. Bf8 c5 40.
Bxg7 Kb4 41. Bxf6 Kxa5 42. Bc3+ Kb6 43. Kf4 Kc7 44. Kg5 Be8 45. Kh6 Kd6 46. Kg7
Kd5 47. Kf8 Bd7 48. f6 Be6 49. Ke7 c4 50. f7 1-0

[Event "Ct. Catalunya eq DH"]
[Site "?"]
[Date "2012.??.??"]
[Round "1.5"]
[White "Farran Martos, J."]
[Black "Vehi Bach, VM."]
[Result "1/2-1/2"]
[WhiteElo "2306"]
[BlackElo "2426"]
[PlyCount "80"]
[EventDate "2012.??.??"]
[EventType "team"]
[EventRounds "11"]

1. e4 c5 2. Nf3 d6 3. Bb5+ Nd7 4. O-O Ngf6 5. Re1 a6 6. Bf1 e5 7. c3 Be7 8. d4
O-O 9. Nbd2 b5 10. a4 Rb8 11. axb5 axb5 12. dxe5 Nxe5 13. Nxe5 dxe5 14. c4 b4
15. b3 Qc7 16. Bd3 Rd8 17. Bc2 Bg4 18. f3 Be6 19. Qe2 Ra8 20. Bb2 Nd7 21. Nf1
Rxa1 22. Rxa1 Qb7 23. Ne3 Bg5 24. Nd5 Ra8 25. Rxa8+ Qxa8 26. Bb1 f6 27. Qd3 Kf7
28. g3 Qb8 29. Kf2 g6 30. Kg2 Bh6 31. Bc2 Qa7 32. Bb1 Qb8 33. Qe2 Qd6 34. Bc2
Qa6 35. Bb1 Qd6 36. Qf2 Nb8 37. Qe2 Nc6 38. Qd1 Nd4 39. Bd3 Qa6 40. Bb1 Qd6
1/2-1/2

[Event "Ct. Catalunya eq DH"]
[Site "?"]
[Date "2012.01.28"]
[Round "1.5"]
[White "Gonzalez Perez, A."]
[Black "Gomez Jurado, LA."]
[Result "0-1"]
[WhiteElo "2483"]
[BlackElo "2356"]
[PlyCount "84"]
[EventDate "2012.??.??"]
[EventType "team"]
[EventRounds "11"]

1. d4 d5 2. c4 c6 3. Nc3 e6 4. Bg5 Nf6 5. Nf3 h6 6. Bh4 g5 7. Bg3 dxc4 8. e4 b5
9. Be2 Nbd7 10. Ne5 Nxe5 11. Bxe5 Bb7 12. O-O Bg7 13. Qc1 O-O 14. Qe3 Nh7 15.
Bxg7 Kxg7 16. e5 f5 17. exf6+ Nxf6 18. Bf3 Qd6 19. Rfe1 Rad8 20. Rad1 Bc8 21.
Qc1 Bd7 22. Re5 Rf7 23. h4 gxh4 24. Qf4 Qe7 25. Qxh4 Ng8 26. Qg3+ Kh8 27. d5
Rg7 28. Qh2 b4 29. Ne2 cxd5 30. Nd4 Qf6 31. Rde1 c3 32. bxc3 bxc3 33. Qh3 Rc8
34. Bd1 Rc4 35. Qe3 c2 36. Bxc2 Rxc2 37. Nxc2 Qg6 38. g3 Qxc2 39. Qxa7 Qc4 40.
a3 d4 41. Rc5 Qb3 42. Kh2 Qf3 0-1

[Event "Ct. Catalunya eq DH"]
[Site "?"]
[Date "2012.01.28"]
[Round "1.5"]
[White "Sanchez Ibern, M."]
[Black "Trepat Herranz, J."]
[Result "1-0"]
[WhiteElo "2368"]
[BlackElo "2325"]
[PlyCount "77"]
[EventDate "2012.??.??"]
[EventType "team"]
[EventRounds "11"]

1. e4 c6 2. d4 d5 3. Nc3 dxe4 4. Nxe4 Nf6 5. Nxf6+ gxf6 6. g3 Qd5 7. Nf3 Bg4 8.
Bg2 Nd7 9. O-O Qh5 10. Re1 O-O-O 11. Qd3 e5 12. Qb3 Bd6 13. dxe5 fxe5 14. Ng5
Rhf8 15. h3 Nc5 16. hxg4 Nxb3 17. gxh5 Nxa1 18. c3 Nc2 19. Rf1 h6 20. Nh7 Rfe8
21. Be4 Nd4 22. cxd4 exd4 23. Bf5+ Kc7 24. Bxh6 Be5 25. Bd3 Rg8 26. Kg2 b5 27.
Re1 Kd6 28. Bd2 Rde8 29. Ng5 f6 30. Ne4+ Ke7 31. f4 Bd6 32. Kf3 Rgf8 33. g4 Kd7
34. h6 f5 35. gxf5 a6 36. b4 a5 37. bxa5 Rb8 38. Nxd6 Kxd6 39. Bb4+ 1-0

[Event "Ct. Catalunya eq DH"]
[Site "?"]
[Date "2012.01.28"]
[Round "1.5"]
[White "Ubach Miralda, M."]
[Black "Jose Abril, R."]
[Result "1/2-1/2"]
[WhiteElo "2357"]
[BlackElo "2413"]
[PlyCount "122"]
[EventDate "2012.??.??"]
[EventType "team"]
[EventRounds "11"]

1. c4 g6 2. Nc3 Bg7 3. g3 Nf6 4. Bg2 O-O 5. e4 d6 6. Nge2 c5 7. Rb1 Nc6 8. a3
a5 9. O-O Ne8 10. d3 Nc7 11. Bd2 Ne6 12. Nb5 Ned4 13. Nbxd4 Nxd4 14. b4 axb4
15. axb4 Bg4 16. f3 Nxe2+ 17. Qxe2 Bd7 18. Bg5 Bc6 19. h4 cxb4 20. Rxb4 Ra3 21.
Rfb1 Qa5 22. Bxe7 Qc5+ 23. Kh2 Rfa8 24. Bg5 Ra2 25. R4b2 Bxb2 26. Rxb2 Qa3 27.
Rd2 Qb3 28. Bf6 h6 29. Bd4 Kh7 30. Qe3 Rxd2 31. Qxd2 Rg8 32. Qf4 Be8 33. Be3
Rh8 34. Qxd6 Qa4 35. Qf4 Kg8 36. Qe5 Kh7 37. Bxh6 Rg8 38. Be3 Qd7 39. d4 Qc6
40. c5 f6 41. Qd5 Qxd5 42. exd5 Bd7 43. Bf4 Re8 44. g4 Re1 45. Kg3 Rd1 46. Be3
Ba4 47. f4 Rd3 48. Kf2 Bd7 49. Be4 Rc3 50. h5 f5 51. hxg6+ Kxg6 52. c6 bxc6 53.
dxc6 Rxc6 54. gxf5+ Kf6 55. d5 Rc4 56. Bd3 Rb4 57. d6 Bc6 58. Bd2 Rb3 59. Ke2
Rxd3 60. Kxd3 Kxf5 61. Kd4 Ke6 1/2-1/2

[Event "Ct. Catalunya eq DH"]
[Site "?"]
[Date "2012.01.28"]
[Round "1.6"]
[White "Castellet Giralt, G."]
[Black "Rodriguez Vargas, O."]
[Result "0-1"]
[WhiteElo "2311"]
[BlackElo "2420"]
[PlyCount "70"]
[EventDate "2012.??.??"]
[EventType "team"]
[EventRounds "11"]

1. d4 Nf6 2. c4 e6 3. Nc3 Bb4 4. e3 d5 5. Nge2 O-O 6. a3 Be7 7. cxd5 exd5 8. g3
c6 9. Bg2 Re8 10. O-O Bd6 11. Qc2 a5 12. f3 Bc7 13. Bd2 Na6 14. Rad1 h6 15. Kh1
Be6 16. Nf4 Bxf4 17. gxf4 c5 18. dxc5 Nxc5 19. f5 Bd7 20. Nxd5 Rc8 21. Bc3 Ba4
22. Nxf6+ Qxf6 23. Qb1 Qg5 24. Rd4 Qxe3 25. Rg4 Nd3 26. Rxa4 b5 27. Re4 Rxe4
28. fxe4 b4 29. Rf3 Nf2+ 30. Rxf2 Qxf2 31. axb4 axb4 32. Bxb4 Rc2 33. Qf1 Qe3
34. Qb5 Rc1+ 35. Bf1 Qf2 0-1

[Event "Ct. Catalunya eq DH"]
[Site "?"]
[Date "2012.01.28"]
[Round "1.6"]
[White "Coll Ortega, J."]
[Black "Granados Gomez, M."]
[Result "1/2-1/2"]
[WhiteElo "2302"]
[BlackElo "2366"]
[PlyCount "47"]
[EventDate "2012.??.??"]
[EventType "team"]
[EventRounds "11"]

1. d4 d5 2. c4 e6 3. Nf3 Nf6 4. g3 dxc4 5. Bg2 a6 6. O-O Nc6 7. Nc3 Rb8 8. e4
Be7 9. d5 exd5 10. exd5 Nb4 11. Ne5 Bf5 12. a3 Nd3 13. Nxc4 Nxc1 14. Rxc1 O-O
15. b4 Bd6 16. Re1 Qd7 17. Qd4 Bh3 18. Nxd6 Bxg2 19. Nxf7 Qxf7 20. Kxg2 Rbd8
21. Qf4 Qd7 22. Qc4 Qf7 23. Qf4 Qd7 24. Qc4 1/2-1/2

[Event "Ct. Catalunya eq DH"]
[Site "?"]
[Date "2012.01.28"]
[Round "1.6"]
[White "Iglesias, J."]
[Black "Canal Oliveras, J."]
[Result "1-0"]
[WhiteElo "2391"]
[BlackElo "2328"]
[PlyCount "141"]
[EventDate "2012.??.??"]
[EventType "team"]
[EventRounds "11"]

1. e4 e5 2. Nf3 Nc6 3. Bb5 a6 4. Ba4 d6 5. Bxc6+ bxc6 6. d4 exd4 7. Qxd4 Qf6 8.
Qa4 Bd7 9. Qa5 Qd8 10. O-O Ne7 11. c4 Ng6 12. c5 Be7 13. Be3 O-O 14. Nbd2 f5
15. exf5 Rxf5 16. Rac1 dxc5 17. Rfe1 Bd6 18. Bxc5 Rb8 19. b4 Nh4 20. Qa3 Qf6
21. Rc4 Rf4 22. Qd3 Re8 23. Rxe8+ Bxe8 24. Nxh4 Rxh4 25. Rxh4 Qxh4 26. Bxd6
cxd6 27. Qxd6 h6 28. h3 Qh5 29. Nf3 Qf5 30. a3 Kh7 31. Ne5 Qf4 32. Qd3+ Kh8 33.
Qe3 Qf6 34. Nd3 Qa1+ 35. Kh2 Bf7 36. Nc5 Qf1 37. Qg3 Bd5 38. Nd7 Kh7 39. h4 Qd1
40. Ne5 Qh5 41. Ng4 Qe8 42. Ne3 Be4 43. Qf4 Bg6 44. Nc4 Qe2 45. Ne5 Be4 46. Qe3
Qc2 47. Nd7 Bd5 48. Nc5 Qg6 49. Qd3 Qxd3 50. Nxd3 g5 51. hxg5 hxg5 52. Nc5 Bc4
53. Kg3 Kg6 54. Kf3 Kf5 55. Ke3 Bf1 56. g3 Ke5 57. f4+ gxf4+ 58. gxf4+ Kd5 59.
f5 Bc4 60. Kf4 a5 61. f6 Kd4 62. Nd7 axb4 63. axb4 Bd5 64. Ne5 Kc3 65. Nxc6 Kc4
66. Ke5 Bf7 67. Kd6 Kb5 68. Ke7 Ba2 69. Kd7 Bg8 70. Kd6 Ba2 71. Nd4+ 1-0

[Event "Ct. Catalunya eq DH"]
[Site "?"]
[Date "2012.01.28"]
[Round "1.6"]
[White "Martinez Ramirez, E."]
[Black "Perpinya Rofes, LM."]
[Result "1-0"]
[WhiteElo "2366"]
[BlackElo "2457"]
[PlyCount "53"]
[EventDate "2012.??.??"]
[EventType "team"]
[EventRounds "11"]

1. e4 c5 2. Nf3 Nc6 3. d4 cxd4 4. Nxd4 Nf6 5. Nc3 d6 6. Be3 e5 7. Nb3 Be7 8.
Bd3 O-O 9. Qd2 Be6 10. f3 a5 11. Rb1 Na7 12. Rd1 Nc8 13. a3 Nb6 14. Qf2 Nfd7
15. O-O Nc4 16. Bxc4 Bxc4 17. Rfe1 f5 18. exf5 Rxf5 19. Nd2 Be6 20. Nde4 Ra6
21. Qd2 Rc6 22. Nd5 Bh4 23. g3 Be7 24. Nxe7+ Qxe7 25. Nxd6 Rxf3 26. Nxb7 Qf7
27. Nd8 1-0

[Event "Ct. Catalunya eq DH"]
[Site "?"]
[Date "2012.??.??"]
[Round "1.7"]
[White "Gonzalez Freixas, A."]
[Black "Bofill Mas, A."]
[Result "0-1"]
[WhiteElo "2251"]
[BlackElo "2406"]
[PlyCount "70"]
[EventDate "2012.??.??"]
[EventType "team"]
[EventRounds "11"]

1. c4 c5 2. g3 g6 3. Bg2 Bg7 4. Nc3 Nc6 5. Nf3 e6 6. a3 Nge7 7. Rb1 O-O 8. b4
d6 9. O-O b6 10. e3 Bb7 11. Qb3 Qd7 12. Rd1 Rac8 13. Bb2 Ne5 14. Nxe5 dxe5 15.
Bxb7 Qxb7 16. bxc5 Rxc5 17. d3 Rc7 18. Ne4 Rd8 19. Bc3 Qa8 20. Qb2 Nc6 21. f4
Rcd7 22. Nf2 Qb8 23. Rd2 f5 24. Rbd1 exf4 25. gxf4 Bxc3 26. Qxc3 e5 27. Nh3 Qd6
28. d4 exd4 29. exd4 Qf6 30. Ng5 Nxd4 31. Qe3 Rd6 32. Qe5 Qxe5 33. fxe5 Ne2+
34. Rxe2 Rxd1+ 35. Kf2 R1d2 0-1

[Event "Ct. Catalunya eq DH"]
[Site "?"]
[Date "2012.01.28"]
[Round "1.7"]
[White "Martin Gonzalez, A."]
[Black "Guasch Sariol, J."]
[Result "1-0"]
[WhiteElo "2418"]
[BlackElo "2235"]
[PlyCount "43"]
[EventDate "2012.??.??"]
[EventType "team"]
[EventRounds "11"]

1. e4 e6 2. d4 d5 3. Nc3 dxe4 4. Nxe4 Bd7 5. Nf3 Bc6 6. Bd3 Nd7 7. O-O Ngf6 8.
Ng3 Bxf3 9. Qxf3 c6 10. Re1 Be7 11. c4 O-O 12. Re2 Re8 13. Bf4 Bf8 14. Rd1 Qa5
15. b3 e5 16. Bd2 Bb4 17. Be3 exd4 18. Bxd4 Ne5 19. Qf5 Nxd3 20. Qxd3 Red8 21.
Qc2 Nh5 22. Re5 1-0

[Event "Ct. Catalunya eq DH"]
[Site "?"]
[Date "2012.01.28"]
[Round "1.7"]
[White "Rivas Garcia, V."]
[Black "Pijuan Herranz, M."]
[Result "0-1"]
[WhiteElo "2331"]
[BlackElo "2302"]
[PlyCount "76"]
[EventDate "2012.??.??"]
[EventType "team"]
[EventRounds "11"]

1. e4 e5 2. Nf3 Nc6 3. Bb5 Nf6 4. d3 Bc5 5. c3 O-O 6. O-O d6 7. Bg5 h6 8. Bh4
a6 9. Ba4 Ba7 10. Nbd2 Kh7 11. Re1 g5 12. Bg3 g4 13. Nh4 Nh5 14. Nf1 Qg5 15.
Ne3 Ne7 16. d4 Nf4 17. Bc2 Neg6 18. Nef5 Be6 19. Kh1 Rad8 20. d5 Bxf5 21. Nxf5
h5 22. Qd2 h4 23. Bxf4 exf4 24. g3 Rh8 25. e5 dxe5 26. Nxh4 Kg7 27. Bxg6 fxg6
28. Rad1 Rh5 29. b4 Qf6 30. Qe2 Qg5 31. Qd2 Rdh8 32. Qe2 Kf7 33. d6 Rxh4 34.
gxh4 Qxh4 35. f3 gxf3 36. Qc4+ Kf6 37. Re2 fxe2 38. Qxe2 Bf2 0-1

[Event "Ct. Catalunya eq DH"]
[Site "?"]
[Date "2012.01.28"]
[Round "1.7"]
[White "Ryan, J."]
[Black "Martinez Lopez, I."]
[Result "0-1"]
[WhiteElo "2289"]
[BlackElo "2299"]
[PlyCount "112"]
[EventDate "2012.??.??"]
[EventType "team"]
[EventRounds "11"]

1. g3 Nf6 2. Bg2 d5 3. d3 e6 4. Nf3 Be7 5. O-O O-O 6. Nbd2 b6 7. e4 Bb7 8. e5
Nfd7 9. Re1 c5 10. Nf1 Nc6 11. h4 Qc7 12. Bf4 b5 13. Qe2 Nb6 14. N1h2 d4 15.
Ng5 Nb4 16. Qh5 Bxg5 17. hxg5 Bxg2 18. Kxg2 N4d5 19. Re2 Nxf4+ 20. gxf4 Nd5 21.
Re4 f5 22. gxf6 gxf6 23. Kh1 f5 24. Qg5+ Kh8 25. Ree1 Rg8 26. Qh4 Qb7 27. f3
Qe7 28. Qxe7 Nxe7 29. a4 a6 30. Rg1 Ng6 31. Nf1 b4 32. Nd2 Nxf4 33. Rxg8+ Kxg8
34. Rg1+ Kf8 35. b3 Ra7 36. Nc4 Nd5 37. Kg2 Rg7+ 38. Kf2 Rxg1 39. Kxg1 Ne3 40.
Nd6 Nxc2 41. Nb7 Ne1 42. Nxc5 Nxf3+ 43. Kf2 Nxe5 44. Nxe6+ Ke7 45. Nxd4 Nxd3+
46. Ke3 Nc5 47. Nxf5+ Ke6 48. Ng7+ Kd5 49. Ne8 h6 50. Nf6+ Ke6 51. Ne8 a5 52.
Kd4 Nxb3+ 53. Kc4 Nd2+ 54. Kb5 b3 55. Nc7+ Kd6 56. Kb6 Nc4+ 0-1

[Event "Ct. Catalunya eq DH"]
[Site "?"]
[Date "2012.01.28"]
[Round "1.8"]
[White "Bruned Segura, M."]
[Black "Yepes Martinez, E."]
[Result "1/2-1/2"]
[WhiteElo "2151"]
[BlackElo "2256"]
[PlyCount "116"]
[EventDate "2012.??.??"]
[EventType "team"]
[EventRounds "11"]

1. e4 e6 2. d4 d5 3. Nd2 Nf6 4. e5 Nfd7 5. Bd3 c5 6. c3 Nc6 7. Ne2 cxd4 8. cxd4
f6 9. exf6 Nxf6 10. O-O Bd6 11. Nf3 O-O 12. Bf4 Bxf4 13. Nxf4 Ng4 14. Nh5 g6
15. Ng3 Qf6 16. h3 Nh6 17. Qd2 Nf7 18. Rad1 Nd6 19. Bb1 Bd7 20. Rfe1 Nc4 21.
Qe2 Rac8 22. b3 Na3 23. Ne5 Nxe5 24. dxe5 Qe7 25. Bd3 a6 26. Qb2 Bb5 27. Bb1
Rc7 28. Rc1 Qb4 29. Nf1 Nxb1 30. Qxb1 Rxc1 31. Qxc1 Bxf1 32. Kxf1 Qb5+ 33. Kg1
Qd7 34. Re2 Rc8 35. Rc2 Rc6 36. Rxc6 Qxc6 37. Qg5 Qd7 38. h4 Qf7 39. g4 Kf8 40.
Kg2 Qe7 41. Qc1 Qd7 42. h5 gxh5 43. Qh6+ Qg7 44. Qxh5 Qg6 45. Qh3 Kg7 46. Qf3
h5 47. Kg3 Qxg4+ 48. Qxg4+ hxg4 49. Kxg4 Kg6 50. b4 d4 51. Kf4 d3 52. Ke3 Kf5
53. Kxd3 Kxe5 54. a4 Kd5 55. f4 e5 56. fxe5 Kxe5 57. Kc4 Kd6 58. Kd4 b6 1/2-1/2

[Event "Ct. Catalunya eq DH"]
[Site "?"]
[Date "2012.01.28"]
[Round "1.8"]
[White "Serra Pages, J."]
[Black "Bosque Ortega, X."]
[Result "0-1"]
[WhiteElo "2299"]
[BlackElo "2321"]
[PlyCount "54"]
[EventDate "2012.??.??"]
[EventType "team"]
[EventRounds "11"]

1. Nf3 d5 2. d4 Nf6 3. c4 c6 4. Nc3 Bf5 5. e3 e6 6. Nh4 Bg6 7. Qb3 Qb6 8. c5
Qc7 9. Qa4 Be7 10. Bd2 Nbd7 11. Be2 Ne4 12. Nxg6 Nxc3 13. Bxc3 hxg6 14. g3 O-O
15. Qd1 Bf6 16. O-O Rfe8 17. b4 e5 18. Re1 Re7 19. Bf1 Rae8 20. Qd2 Nf8 21. Bh3
Ne6 22. f4 exd4 23. exd4 Nxd4 24. Rxe7 Nf3+ 25. Kg2 Qxe7 26. Bxf6 Qe4 27. Qc3
Qe2+ 0-1

[Event "Ct. Catalunya eq DH"]
[Site "?"]
[Date "2012.01.28"]
[Round "1.8"]
[White "Valencia Jimenez, J."]
[Black "Mestre Bellido, H."]
[Result "0-1"]
[WhiteElo "2166"]
[BlackElo "2380"]
[PlyCount "108"]
[EventDate "2012.??.??"]
[EventType "team"]
[EventRounds "11"]

1. Nf3 d5 2. d4 Nf6 3. c4 c6 4. cxd5 cxd5 5. Nc3 Nc6 6. Bf4 Bf5 7. Qb3 Na5 8.
Qa4+ Bd7 9. Qc2 Rc8 10. e3 e6 11. Bd3 Nc4 12. O-O Bb4 13. Bxc4 Rxc4 14. Ne5 Rc8
15. Qb3 Qa5 16. Rfc1 O-O 17. f3 Bxc3 18. bxc3 Bb5 19. Bg5 Rc7 20. a4 Bc4 21.
Qb4 Qxb4 22. cxb4 Rfc8 23. a5 Bb5 24. Rc5 Rxc5 25. bxc5 Ne8 26. Bf4 f6 27. Ng4
g5 28. Bg3 h5 29. Nf2 h4 30. Bd6 Nxd6 31. cxd6 Rc6 32. Rb1 a6 33. e4 Rxd6 34.
Ng4 f5 35. exf5 exf5 36. Ne5 b6 37. Rc1 bxa5 38. Rc8+ Kg7 39. Rc7+ Kg8 40. Rc8+
Kg7 41. Rc7+ Kf6 42. Rf7+ Ke6 43. Rg7 a4 44. Rg6+ Ke7 45. Rg7+ Ke8 46. Rc7 a3
47. Rc3 a2 48. Ra3 Bc4 49. Nxc4 dxc4 50. Rxa2 Rxd4 51. Rxa6 Rd1+ 52. Kf2 Rd2+
53. Kf1 c3 54. Ra1 c2 0-1

[Event "Ct. Catalunya eq DH"]
[Site "?"]
[Date "2012.01.28"]
[Round "1.9"]
[White "Ayas Fernandez, A."]
[Black "Asensio Liñan, T."]
[Result "0-1"]
[WhiteElo "2360"]
[BlackElo "2301"]
[PlyCount "78"]
[EventDate "2012.??.??"]
[EventType "team"]
[EventRounds "11"]

1. e4 g6 2. Nf3 c5 3. d4 Bg7 4. Nc3 cxd4 5. Nxd4 Nc6 6. Be3 Nf6 7. Bc4 O-O 8.
Bb3 d6 9. f3 Bd7 10. Qd2 Nxd4 11. Bxd4 b5 12. O-O a5 13. a3 Qb8 14. Rad1 Qd8
15. Ra1 Qb8 16. Rad1 Ra6 17. Rfe1 e5 18. Be3 Rc8 19. Nd5 Nxd5 20. Bxd5 Be6 21.
c3 Bxd5 22. Qxd5 Rac6 23. Qb3 Rc4 24. Rd5 b4 25. cxb4 axb4 26. a4 Bf6 27. Rb5
Qc7 28. Rxb4 Qa5 29. Bd2 Qc5+ 30. Kf1 Rxb4 31. Qxb4 Qc2 32. Ke2 Rc4 33. Qb8+
Rc8 34. Qxd6 Rd8 35. Rc1 Qxb2 36. Qb4 Qa2 37. Ke1 Bh4+ 38. g3 Be7 39. Qc3 Qxa4
0-1

[Event "Ct. Catalunya eq DH"]
[Site "?"]
[Date "2012.01.28"]
[Round "1.9"]
[White "Dickl, E."]
[Black "Fernandez Madrid, C."]
[Result "0-1"]
[WhiteElo "2272"]
[BlackElo "2290"]
[PlyCount "96"]
[EventDate "2012.??.??"]
[EventType "team"]
[EventRounds "11"]

1. e4 g6 2. d4 Bg7 3. c3 d5 4. exd5 Qxd5 5. Nf3 Nf6 6. h3 O-O 7. Be3 Bf5 8.
Nbd2 Nc6 9. Bc4 Qd6 10. O-O a6 11. Re1 h6 12. Nf1 b5 13. Bb3 Na5 14. Ng3 Bd7
15. Ne5 Nxb3 16. Nxd7 Qxd7 17. Qxb3 Rfd8 18. Ne2 a5 19. a4 Rab8 20. Bc1 b4 21.
Nf4 bxc3 22. Qxc3 Rb4 23. Qc5 Rxa4 24. Rxa4 Qxa4 25. Qxc7 Rxd4 26. Rxe7 Qc4 27.
Be3 Rd1+ 28. Kh2 Qxc7 29. Rxc7 g5 30. Rc8+ Kh7 31. Ne2 Nd5 32. Rc2 Nxe3 33.
fxe3 Rd3 34. e4 Re3 35. Nc3 Bxc3 36. bxc3 Rxe4 37. c4 Re6 38. c5 Rc6 39. g4 Kg6
40. Kg3 Kf6 41. h4 gxh4+ 42. Kxh4 Ke5 43. Rf2 Ke6 44. Kh5 Rxc5+ 45. Kxh6 f6 46.
Rf4 Rb5 47. Kg7 Rg5+ 48. Kf8 f5 0-1

[Event "Ct. Catalunya eq DH"]
[Site "?"]
[Date "2012.01.28"]
[Round "1.9"]
[White "Garrido Fernandez, D."]
[Black "Quintas Galeano, L."]
[Result "1-0"]
[WhiteElo "2250"]
[BlackElo "2166"]
[PlyCount "89"]
[EventDate "2012.??.??"]
[EventType "team"]
[EventRounds "11"]

1. e4 c6 2. d4 d5 3. exd5 cxd5 4. Bd3 Nc6 5. c3 Nf6 6. Bf4 g6 7. Nf3 Bg7 8.
Nbd2 O-O 9. O-O Bf5 10. Bxf5 gxf5 11. Ne5 Nxe5 12. dxe5 Ne4 13. Nb3 e6 14. f3
Qb6+ 15. Qd4 Qd8 16. fxe4 fxe4 17. c4 Qd7 18. Rad1 Qa4 19. cxd5 Qxa2 20. Nc5
exd5 21. Ra1 Qc4 22. Qxc4 dxc4 23. Nxe4 a6 24. Ra3 Kh8 25. Rh3 Rae8 26. Nd6 Re6
27. Nxc4 f6 28. Bh6 f5 29. Bxg7+ Kxg7 30. Rg3+ Kh8 31. Rd1 b5 32. Nd6 h6 33.
Rd5 Kh7 34. Rc5 Re7 35. Nc8 Rd7 36. Nd6 Re7 37. Ra3 f4 38. Kf2 Rg7 39. Kf3 Rfg8
40. Rc2 Rg5 41. Re2 Kg6 42. Rxa6 Kh5 43. Nf7 R5g6 44. Rxg6 Kxg6 45. Nd6 1-0

[Event "Ct. Catalunya eq DH"]
[Site "?"]
[Date "2012.01.28"]
[Round "1.9"]
[White "Mingo Fernandez, M."]
[Black "Manera Lopez, J."]
[Result "1/2-1/2"]
[WhiteElo "2284"]
[BlackElo "2280"]
[PlyCount "145"]
[EventDate "2012.??.??"]
[EventType "team"]
[EventRounds "11"]

1. d4 g6 2. Nf3 Bg7 3. e4 c6 4. Nc3 d5 5. h3 dxe4 6. Nxe4 Nd7 7. Bc4 Ndf6 8.
Nxf6+ Nxf6 9. O-O O-O 10. Re1 Qc7 11. Qe2 e6 12. Bb3 a6 13. Ne5 b5 14. Bf4 Qb6
15. Rad1 Nd5 16. Bg3 f6 17. Nf3 Bd7 18. c3 Rae8 19. Nd2 Rf7 20. Bd6 Qd8 21. Ne4
Bc8 22. Bg3 Bf8 23. h4 h6 24. Nd2 Bd6 25. Bxd6 Qxd6 26. Qg4 Rg7 27. Ne4 Qd8 28.
Qg3 f5 29. Bxd5 cxd5 30. Nd6 Ree7 31. Nxc8 Qxc8 32. Qd6 Re8 33. Re3 Rd7 34. Qf4
Kg7 35. Rde1 Rde7 36. Qd6 Kf7 37. Qf4 Kg7 38. Rg3 Qc7 39. Re5 Kh7 40. Rge3 Kg7
41. Rg3 Kh7 42. Qf3 Qd7 43. Qe2 Qc6 44. Rge3 Kg7 45. Rg3 Kh7 46. Qd1 Qc4 47. a3
Qc6 48. Rge3 Rg7 49. Qe2 Rge7 50. h5 Qd6 51. hxg6+ Kg7 52. Qh5 Rf8 53. Rh3 Rh8
54. g4 fxg4 55. Qxg4 Qd7 56. Rhe3 Rhe8 57. Rh5 Rh8 58. Qf4 Qe8 59. Qe5+ Kg8 60.
Reh3 Rg7 61. Rxh6 Rxh6 62. Rxh6 Rxg6+ 63. Rxg6+ Qxg6+ 64. Qg3 Kf7 65. Qxg6+
Kxg6 66. Kg2 Kf5 67. Kg3 a5 68. f3 a4 69. f4 Kf6 70. Kg4 Kg6 71. Kh4 Kf5 72.
Kg3 Kf6 73. Kg4 1/2-1/2

[Event "Ct. Catalunya eq DH"]
[Site "?"]
[Date "2012.??.??"]
[Round "1.9"]
[White "Ordobas Martinez, V."]
[Black "Montilla Carrillo, E."]
[Result "0-1"]
[WhiteElo "2208"]
[BlackElo "2300"]
[PlyCount "90"]
[EventDate "2012.??.??"]
[EventType "team"]
[EventRounds "11"]

1. e4 c5 2. c3 e6 3. d4 d5 4. exd5 Qxd5 5. Nf3 Nf6 6. Bd3 Nc6 7. O-O cxd4 8.
cxd4 Be7 9. Nc3 Qd8 10. Bg5 O-O 11. Rc1 b6 12. Bb1 Bb7 13. a3 Rc8 14. Qd3 g6
15. Rfd1 Re8 16. Ba2 Nd5 17. Bxe7 Ncxe7 18. Nxd5 Bxd5 19. Bxd5 Nxd5 20. g3 Re7
21. Kf1 Rec7 22. Qd2 Kg7 23. h4 h5 24. Kg2 Qf6 25. Rxc7 Rxc7 26. Rc1 Qd8 27.
Rxc7 Qxc7 28. Qe2 Qc6 29. Qe4 f6 30. Kh2 Kf7 31. Ng1 Qc1 32. Qe2 Ne7 33. Nf3
Nf5 34. Qb5 Ne7 35. Qe2 Qc6 36. Kg1 Nf5 37. Kh2 a5 38. Qd3 Qd5 39. Qc3 Ne7 40.
Kg2 Nc6 41. Qe3 e5 42. dxe5 Nxe5 43. Qf4 b5 44. b3 Qc6 45. Qxe5 fxe5 0-1

[Event "Ct. Catalunya eq DH"]
[Site "?"]
[Date "2012.01.28"]
[Round "1.10"]
[White "Borges Ayas, J."]
[Black "Oms Fuentes, L."]
[Result "0-1"]
[WhiteElo "2136"]
[BlackElo "2365"]
[PlyCount "102"]
[EventDate "2012.??.??"]
[EventType "team"]
[EventRounds "11"]

1. e4 g6 2. d4 Bg7 3. Nc3 c6 4. f4 d5 5. e5 h5 6. Bd3 Nh6 7. Nf3 Bf5 8. Be3 e6
9. Qd2 Nd7 10. Bf2 Bxd3 11. Qxd3 Nf5 12. Ne2 Qa5+ 13. Qd2 Qc7 14. Ng3 Nxg3 15.
hxg3 O-O-O 16. Ng5 Rdf8 17. O-O-O Bh6 18. Kb1 Bxg5 19. fxg5 Kb8 20. Rh4 Rc8 21.
Be3 Rhf8 22. Rdh1 Ka8 23. g4 hxg4 24. Rxg4 c5 25. c3 cxd4 26. cxd4 Nb6 27. b3
Qd7 28. Rf4 Qb5 29. Ka1 Rc7 30. Rff1 Rfc8 31. Rc1 a5 32. Rxc7 Rxc7 33. Rc1
Rxc1+ 34. Qxc1 a4 35. Qc2 Ka7 36. Qc5 Qf1+ 37. Bc1 Ka6 38. b4 Ka7 39. Qc2 Qc4
40. Qxc4 dxc4 41. Kb2 Ka6 42. a3 Kb5 43. Kc2 Kc6 44. Kd2 Kd5 45. Ke3 Nc8 46.
Bd2 Na7 47. Bc3 Nb5 48. Bb2 c3 49. Bc1 Kc4 50. Ke4 Nxd4 51. g4 Nb3 0-1